000 00357nam a22001577a 4500
003 OSt
005 20210923090635.0
008 210923b |||||||| |||| 00| 0 eng d
020 _a9781405154161
040 _aHU
_cDDC
082 _a320.952
245 _aGOVERNING JAPAN
260 _aJAPAN
_bBACKWELL
_c2008
300 _axi,288,P,22
942 _2ddc
_cBOOKS
_n0
999 _c6102
_d6102